Proyecto de electrificación de la comunidad de San Andrés del municipio de Río Blanco, Matagalpa
Presenta un proyecto de electrificación para la comunidad de San Andrés de Bodoque del municipio de Río Blanco del departamento de Matagalpa a través de una red de media tensión conectada a la red nacional.
| Main Authors: | , , |
|---|---|
| Other Authors: | |
| Format: | Tesis Section = Libro |
| Language: | Undetermined Spanish |
| Published: |
Managua
UNI
2010
|
| Subjects: |
| LEADER | 01117nam a2200265Ia 4500 | ||
|---|---|---|---|
| 008 | 240830s9999 xx 000 0 und d | ||
| 040 | |a BIBLIOTECA-RUSB/ T.Mon 621.319 Z35 | ||
| 041 | |a spa | ||
| 082 | |a T.Mon 621.319 Z35 | ||
| 100 | 1 | |a Zapata, Juan Carlos | |
| 100 | 1 | |b Cruz Madriz, Isaías Antonio | |
| 100 | 1 | |c Arévalo Jara, Giscard Santiago | |
| 245 | 1 | 0 | |a Proyecto de electrificación de la comunidad de San Andrés del municipio de Río Blanco, Matagalpa |
| 260 | |a Managua |b UNI |c 2010 | ||
| 300 | |a 57 p. :il. | ||
| 502 | |a Tesis (Ingeniero Electrónico e Ingeniero Eléctrico) - UNI, 2010. | ||
| 520 | 3 | |a Presenta un proyecto de electrificación para la comunidad de San Andrés de Bodoque del municipio de Río Blanco del departamento de Matagalpa a través de una red de media tensión conectada a la red nacional. | |
| 650 | 7 | |a ELECTRIFICACIÓN RURAL - MATAGALPA | |
| 650 | 7 | |b REDES DE DISTRIBUCIÓN ELÉCTRICA | |
| 650 | 7 | |c ANÁLISIS TÉCNICO | |
| 650 | 7 | |d ESTUDIO DE IMPACTO AMBIENTAL | |
| 700 | 1 | |a Tutor: |b González Mena, Juan | |
| 942 | |c BK |2 ddc | ||
| 991 | |a TESIS | ||
| 999 | |c 21838 | ||